000 00523nam a22001697a 4500
008 130819b xxu||||| |||| 00| 0 eng d
020 _a9-7818-4668-2551
082 _221 ed.
_a332.6
_bCOL
100 _aCole, Robert
245 _aThe unwritten laws of finance and investment /
_c Robert Cole
260 _aGreat Britain :
_bProfile books ltd
_c2011
300 _a159 P. ;
_c18 cm.
650 _a Investments
650 _aThe unwritten laws of finance and investment
650 _a Finance, Personal
942 _2ddc
_cBK
999 _c5492
_d5492